00596nam a22001817a 4500003000500000005001700005008004100022050002400063100002100087245007600108250001700184260005300201300004700254500005100301521001400352650002300366700002500389PILC20150515112240.0150515b xxu||||| |||| 00| 0 eng d aLB 3061b.G652 1963 aGoodlad, John I. aThe nongraded elementary school /cJohn I. Goodlad, Robert H. Anderson. aRevised ed.  aNew York :bHarcourt, Brace & World, Inc.c1963. aviii, 248 pages :billustrations ;c22 cm. aIncludes bibliographical references and index. aEducation aNongraded schools. aAnderson, Robert H.